[Event "SR 2. liga A 2011/2012"]
[Site "?"]
[Date "2011.12.03"]
[Round "26.1"]
[White "Kundrik, Peter"]
[Black "Jablonicky, Frantisek"]
[Result "1/2-1/2"]
[WhiteElo "2260"]
[BlackElo "2187"]
[PlyCount "45"]
[EventDate "2011.??.??"]
[WhiteTeam "Slovakia"]
[BlackTeam "Slovakia"]
[WhiteTeamCountry "SVK"]
[BlackTeamCountry "SVK"]

1. e4 c6 2. Nf3 d5 3. exd5 cxd5 4. Ne5 Nc6 5. d4 Nf6 6. Bb5 Qb6 7. c4 e6 8. Qa4
Bd7 9. Nxd7 Nxd7 10. O-O dxc4 11. d5 exd5 12. Nc3 Nf6 13. Re1+ Be7 14. Be3 Qc7
15. Bc5 Kf8 16. Qa3 b6 17. Rxe7 Nxe7 18. Bd6 Qb7 19. Ba6 Qd7 20. Bb5 Qe6 21.
Kf1 Ne4 22. Nxe4 dxe4 23. Rd1 1/2-1/2

[Event "SR 2. liga A 2011/2012"]
[Site "?"]
[Date "2011.12.03"]
[Round "26.2"]
[White "Sekera, Branislav"]
[Black "Blatnicky, Miroslav"]
[Result "0-1"]
[WhiteElo "2151"]
[BlackElo "2130"]
[PlyCount "70"]
[EventDate "2011.??.??"]
[WhiteTeam "Slovakia"]
[BlackTeam "Slovakia"]
[WhiteTeamCountry "SVK"]
[BlackTeamCountry "SVK"]

1. Nf3 d5 2. d4 Nf6 3. Bg5 Bf5 4. e3 Nbd7 5. Nbd2 c6 6. Be2 h6 7. Bh4 e6 8. O-O
Bd6 9. c4 g5 10. Bg3 Bxg3 11. hxg3 Ne4 12. a3 h5 13. Nxe4 Bxe4 14. Nd2 Bg6 15.
b4 g4 16. b5 Qg5 17. bxc6 bxc6 18. Qa4 h4 19. Qxc6 Ke7 20. Qc7 hxg3 21. Qxg3
Qh6 22. f4 gxf3 23. Qxf3 Rag8 24. Qf4 Qh7 25. cxd5 exd5 26. Bf3 Bd3 27. Rfe1
Rg6 28. e4 Rf6 29. exd5+ Kf8 30. Qc7 Bb5 31. Rac1 Qh1+ 32. Kf2 Qh4+ 33. Qg3
Qxd4+ 34. Re3 Qxd2+ 35. Re2 Qxc1 0-1

[Event "SR 2. liga A 2011/2012"]
[Site "?"]
[Date "2011.12.03"]
[Round "26.3"]
[White "Abel, Peter"]
[Black "Kozinka, Roman"]
[Result "1-0"]
[WhiteElo "2198"]
[BlackElo "2056"]
[PlyCount "47"]
[EventDate "2011.??.??"]
[WhiteTeam "Slovakia"]
[BlackTeam "Slovakia"]
[WhiteTeamCountry "SVK"]
[BlackTeamCountry "SVK"]

1. c4 e6 2. Nf3 Nf6 3. g3 d5 4. Bg2 Nc6 5. b3 e5 6. Bb2 e4 7. Ne5 Nxe5 8. Bxe5
Bc5 9. O-O dxc4 10. Bxf6 Qxf6 11. Nc3 Qe5 12. Nxe4 Bd4 13. Rc1 cxb3 14. Qxb3
Bb6 15. e3 O-O 16. d4 Qa5 17. Nc5 c6 18. a3 Rb8 19. Rc3 Re8 20. Rfc1 a6 21. d5
cxd5 22. Bxd5 Re7 23. Nxa6 bxa6 24. Rxc8+ 1-0

[Event "SR 2. liga A 2011/2012"]
[Site "?"]
[Date "2011.12.03"]
[Round "26.4"]
[White "Kavon, Rastislav"]
[Black "Manak, Jozef"]
[Result "1-0"]
[WhiteElo "1879"]
[BlackElo "2053"]
[PlyCount "95"]
[EventDate "2011.??.??"]
[WhiteTeam "Slovakia"]
[BlackTeam "Slovakia"]
[WhiteTeamCountry "SVK"]
[BlackTeamCountry "SVK"]

1. e4 c5 2. Nf3 a6 3. d4 cxd4 4. Nxd4 Nf6 5. Bd3 e5 6. Ne2 d5 7. Nd2 dxe4 8.
Nxe4 Nxe4 9. Bxe4 Qxd1+ 10. Kxd1 Bc5 11. Be3 Bxe3 12. fxe3 O-O 13. c4 g6 14.
Kc2 Nd7 15. Nc3 Kg7 16. Rhf1 Rb8 17. b4 Nf6 18. Bf3 Be6 19. Be2 b6 20. b5 Rfc8
21. bxa6 Bxc4 22. Bxc4 Rxc4 23. Kb3 Rbc8 24. Rac1 Ne8 25. a7 R4c5 26. a4 Nd6
27. Kb4 Rc4+ 28. Kb3 Ra8 29. Nb5 Rxc1 30. Rxc1 Nxb5 31. axb5 Rxa7 32. Rc6 Rb7
33. Kc4 f5 34. Kd5 f4 35. e4 Ra7 36. Kxe5 Ra2 37. Kxf4 Rxg2 38. Rxb6 Rxh2 39.
Rc6 Rh4+ 40. Ke3 Rh5 41. b6 Kf7 42. b7 Rb5 43. Rc7+ Ke6 44. Rxh7 Ke5 45. Kd3
Rb3+ 46. Kc4 Rb1 47. Kc5 Kxe4 48. Rh4+ 1-0

[Event "SR 2. liga A 2011/2012"]
[Site "?"]
[Date "2011.12.03"]
[Round "26.5"]
[White "Stepanovic, Branislav"]
[Black "Lopatievov, Alexander"]
[Result "1/2-1/2"]
[WhiteElo "1995"]
[BlackElo "1925"]
[PlyCount "76"]
[EventDate "2011.??.??"]
[WhiteTeam "Slovakia"]
[BlackTeam "Slovakia"]
[WhiteTeamCountry "SVK"]
[BlackTeamCountry "SVK"]

1. e4 g6 2. d4 Bg7 3. Nf3 c5 4. Nc3 cxd4 5. Nxd4 Nc6 6. Be3 d6 7. Qd2 Bd7 8.
O-O-O a6 9. Nd5 Nf6 10. Nxc6 Bxc6 11. Bb6 Qc8 12. Nc7+ Kf8 13. Nxa8 Nxe4 14.
Qe3 Qxa8 15. Bd3 Nf6 16. f3 Nd5 17. Qf2 Nxb6 18. Qxb6 d5 19. Rhe1 Bf6 20. Kb1
Kg7 21. c4 e6 22. cxd5 exd5 23. Bc2 Qc8 24. Bd3 Re8 25. Rxe8 Qxe8 26. Qf2 Qe7
27. a3 Qc7 28. f4 Qa5 29. g4 Qa4 30. Rd2 Qb3 31. Be2 Bc3 32. Qe3 d4 33. Qe5+
Kg8 34. Bd1 Qb6 35. Qb8+ Kg7 36. Qe5+ Kg8 37. Qb8+ Kg7 38. Qe5+ Kg8 1/2-1/2

[Event "SR 2. liga A 2011/2012"]
[Site "?"]
[Date "2011.12.03"]
[Round "26.6"]
[White "Mackovic, Miroslav"]
[Black "Manak, Adrian"]
[Result "0-1"]
[WhiteElo "1911"]
[BlackElo "1931"]
[PlyCount "76"]
[EventDate "2011.??.??"]
[WhiteTeam "Slovakia"]
[BlackTeam "Slovakia"]
[WhiteTeamCountry "SVK"]
[BlackTeamCountry "SVK"]

1. e4 g6 2. e5 Bg7 3. f4 d6 4. d4 h5 5. Nf3 Nh6 6. Bc4 d5 7. Be2 Bg4 8. Nbd2 c6
9. Nf1 Na6 10. Ne3 Nc7 11. h3 Bf5 12. Nxf5 Nxf5 13. Kf2 h4 14. Re1 e6 15. Nh2
Qe7 16. c3 c5 17. Qa4+ Kf8 18. Nf3 Kg8 19. Kg1 c4 20. Nh2 b5 21. Qd1 Kh7 22.
Bf3 b4 23. Bg4 bxc3 24. bxc3 Bh6 25. Nf3 Ng3 26. a4 Rab8 27. Ba3 Qd8 28. Qd2
Ne4 29. Qe3 Rb3 30. Bb4 Na6 31. Nd2 Nxb4 32. Nxb3 Nc2 33. Qc1 cxb3 34. Rxe4
dxe4 35. Rb1 Qd5 36. Bd1 Rc8 37. Bxc2 Rxc3 38. Rxb3 Qxb3 0-1

[Event "SR 2. liga A 2011/2012"]
[Site "?"]
[Date "2011.12.03"]
[Round "26.7"]
[White "Mihalik, Anton"]
[Black "Jablonicky, Martin"]
[Result "0-1"]
[WhiteElo "1965"]
[BlackElo "1757"]
[PlyCount "114"]
[EventDate "2011.??.??"]
[WhiteTeam "Slovakia"]
[BlackTeam "Slovakia"]
[WhiteTeamCountry "SVK"]
[BlackTeamCountry "SVK"]

1. c4 Nf6 2. Nc3 g6 3. d4 d6 4. e4 Bg7 5. Be2 O-O 6. Nf3 e5 7. O-O Nbd7 8. d5
Ne8 9. Qc2 f5 10. Bg5 Ndf6 11. exf5 gxf5 12. Qd2 f4 13. Bd3 Bg4 14. Ne1 Qd7 15.
f3 Bf5 16. g3 Bxd3 17. Nxd3 fxg3 18. hxg3 Nh5 19. Kg2 Nef6 20. Nf2 h6 21. Bxh6
Bxh6 22. Qxh6 Rf7 23. Nfe4 Raf8 24. Ng5 Rg7 25. Nce4 Qf5 26. g4 Nf4+ 27. Kh2
Nxe4 28. gxf5 Nxg5 29. Kg1 Nf7+ 30. Qxg7+ Kxg7 31. b3 Kf6 32. Kf2 Rg8 33. Rh1
Rg2+ 34. Kf1 Ng5 35. Rh4 Rg1+ 36. Kxg1 Nxf3+ 37. Kf2 Nxh4 38. Rh1 Kg5 39. f6
Nhg6 40. f7 Kf6 41. Rh7 Nf8 42. Rh2 Kxf7 43. Ke3 Kf6 44. Ke4 b6 45. Rh8 N4g6
46. Rh2 Ke7 47. Kf5 Kd7 48. b4 Kc8 49. b5 Kb7 50. a4 Ne7+ 51. Ke4 Neg6 52. Ra2
Nd7 53. a5 bxa5 54. Rxa5 Nb6 55. Kd3 Nf4+ 56. Kc3 Ng2 57. Kd3 Ne3 0-1

[Event "SR 2. liga A 2011/2012"]
[Site "?"]
[Date "2011.12.03"]
[Round "26.8"]
[White "Gajarsky, Julius"]
[Black "Nemsak, Denis"]
[Result "1/2-1/2"]
[WhiteElo "1887"]
[BlackElo "1916"]
[PlyCount "126"]
[EventDate "2011.??.??"]
[WhiteTeam "Slovakia"]
[BlackTeam "Slovakia"]
[WhiteTeamCountry "SVK"]
[BlackTeamCountry "SVK"]

1. d4 f5 2. c4 g6 3. Nc3 Nf6 4. Nf3 Bg7 5. Bg5 O-O 6. g3 d6 7. Bg2 Qe8 8. Qb3
Na6 9. Rd1 c5 10. O-O cxd4 11. Nxd4 Nc5 12. Qc2 Bd7 13. Bxf6 Bxf6 14. b4 Bxd4
15. Rxd4 Ne6 16. Bd5 Kg7 17. Rd2 Qc8 18. Qb2 Rf6 19. e4 Ng5 20. f4 Nf7 21. e5
dxe5 22. Bxf7 Rxf7 23. fxe5 Be6 24. Nd5 Qc6 25. Rfd1 Rc8 26. c5 g5 27. h4 h6
28. hxg5 hxg5 29. a3 Rh8 30. Qc3 a6 31. Qe3 Kg6 32. Qd3 Rfh7 33. Kf2 Rh2+ 34.
Ke3 Bxd5 35. Qxd5 f4+ 36. gxf4 R8h3+ 37. Ke4 Qxd5+ 38. Rxd5 Re2+ 39. Kd4 gxf4
40. Rd7 f3 41. Rxe7 f2 42. Rf1 Rf3 43. Re6+ Kf7 44. Rf6+ Rxf6 45. exf6 Kxf6 46.
Kd3 Ra2 47. Kc4 Ke5 48. Kb3 Re2 49. Kc4 Ke4 50. a4 Kf3 51. b5 Re4+ 52. Kd5 Rxa4
53. c6 bxc6+ 54. bxc6 Ra2 55. Rc1 Rc2 56. Rxc2 f1=Q 57. Rc3+ Kf4 58. c7 Qb5+
59. Rc5 Qd7+ 60. Kc4 Qc8 61. Kd5 Kf5 62. Kc6+ Ke6 63. Rc3 Qd7+ 1/2-1/2

[Event "SR 2. liga A 2011/2012"]
[Site "?"]
[Date "2011.12.03"]
[Round "27.2"]
[White "Janos, Martin"]
[Black "Petrik, Stanislav"]
[Result "1-0"]
[WhiteElo "2252"]
[BlackElo "2165"]
[PlyCount "63"]
[EventDate "2011.??.??"]
[WhiteTeam "Slovakia"]
[BlackTeam "Slovakia"]
[WhiteTeamCountry "SVK"]
[BlackTeamCountry "SVK"]

1. d4 Nf6 2. c4 e6 3. Nc3 Bb4 4. Bd2 b6 5. Qc2 Bb7 6. e3 O-O 7. f3 d6 8. Bd3 e5
9. a3 Bxc3 10. Bxc3 e4 11. Be2 exf3 12. Bxf3 Bxf3 13. gxf3 Re8 14. Qf2 d5 15.
Ne2 Qe7 16. Kd2 dxc4 17. Nf4 Qd6 18. Rhg1 Nbd7 19. Kc2 a5 20. Rg2 b5 21. Qd2 b4
22. axb4 axb4 23. Bxb4 Qb6 24. Rxa8 Rxa8 25. Kd1 Qb5 26. Bc3 Ra1+ 27. Ke2 c6
28. e4 h6 29. d5 Kh8 30. Nh5 cxd5 31. Rxg7 d4 32. Qxh6+ 1-0

[Event "SR 2. liga A 2011/2012"]
[Site "?"]
[Date "2011.12.03"]
[Round "27.3"]
[White "Petrik, Karol"]
[Black "Novak, Ivan"]
[Result "1/2-1/2"]
[WhiteElo "2082"]
[BlackElo "2187"]
[PlyCount "89"]
[EventDate "2011.??.??"]
[WhiteTeam "Slovakia"]
[BlackTeam "Slovakia"]
[WhiteTeamCountry "SVK"]
[BlackTeamCountry "SVK"]

1. e4 Nc6 2. g3 d5 3. Nc3 d4 4. Nd5 e6 5. Nf4 e5 6. Nd5 Be6 7. c4 a5 8. f4 f6
9. Nf3 Bd6 10. d3 h6 11. Bg2 Nge7 12. O-O O-O 13. Bd2 f5 14. fxe5 Bxe5 15.
Nxe7+ Qxe7 16. Nh4 Qd7 17. exf5 Bxf5 18. Qe2 Bd6 19. Bd5+ Kh8 20. Rxf5 Rxf5 21.
Nxf5 Qxf5 22. Rf1 Qe5 23. Qg4 Qe8 24. Be4 Ne7 25. Qe6 Ng8 26. Qd5 Nf6 27. Qxb7
Rb8 28. Qc6 Qxc6 29. Bxc6 Rxb2 30. Bxa5 Rxa2 31. Be1 Ra3 32. Bd2 Rxd3 33. Bxh6
Rc3 34. Bg5 Rxc4 35. Rc1 Rc3 36. Kg2 Ba3 37. Rxc3 dxc3 38. Bxf6 gxf6 39. Be4
Kg7 40. Kf3 Kf7 41. Ke2 Bc1 42. Kd3 Bd2 43. g4 Ke6 44. h4 Ke5 45. Bf5 1/2-1/2

[Event "SR 2. liga A 2011/2012"]
[Site "?"]
[Date "2011.12.03"]
[Round "27.4"]
[White "Janos, Jozef"]
[Black "Krajnak, Robert"]
[Result "1-0"]
[WhiteElo "2145"]
[BlackElo "2094"]
[PlyCount "61"]
[EventDate "2011.??.??"]
[WhiteTeam "Slovakia"]
[BlackTeam "Slovakia"]
[WhiteTeamCountry "SVK"]
[BlackTeamCountry "SVK"]

1. d4 Nf6 2. Nf3 e6 3. c4 b6 4. g3 Ba6 5. Qa4 c5 6. Bg2 Bb7 7. O-O cxd4 8. Nxd4
Bxg2 9. Kxg2 Qc8 10. f3 Qb7 11. Bf4 a6 12. e4 Be7 13. e5 Ng4 14. h3 g5 15. hxg4
gxf4 16. gxf4 Nc6 17. Nxc6 dxc6 18. Nc3 O-O-O 19. Ne4 Rd4 20. Rad1 b5 21. Qb3
Rxc4 22. Rd2 Rg8 23. Qe3 c5 24. Kh3 Rg6 25. b3 Rd4 26. Rxd4 cxd4 27. Rc1+ Kb8
28. Qxd4 f5 29. exf6 Bxf6 30. Qd6+ Ka8 31. Rc7 1-0

[Event "SR 2. liga A 2011/2012"]
[Site "?"]
[Date "2011.12.03"]
[Round "27.5"]
[White "Magyar, Frantisek"]
[Black "Hajek, Lukas"]
[Result "1/2-1/2"]
[WhiteElo "2019"]
[BlackElo "2038"]
[PlyCount "74"]
[EventDate "2011.??.??"]
[WhiteTeam "Slovakia"]
[BlackTeam "Slovakia"]
[WhiteTeamCountry "SVK"]
[BlackTeamCountry "SVK"]

1. d4 Nf6 2. c4 g6 3. Nc3 d5 4. Nf3 Bg7 5. e3 O-O 6. Be2 c5 7. dxc5 Qa5 8. O-O
dxc4 9. Bxc4 Qxc5 10. Qe2 Nc6 11. h3 Na5 12. Bd3 Be6 13. Bd2 Bc4 14. Rac1 Bxd3
15. Qxd3 Qc4 16. Qb1 Nc6 17. e4 Qe6 18. Rfe1 h6 19. Nb5 Rac8 20. Bc3 Nd7 21.
Bxg7 Kxg7 22. Rcd1 Rfd8 23. Nbd4 Nxd4 24. Nxd4 Qb6 25. Nf3 Nc5 26. b3 Ne6 27.
Qb2+ Kg8 28. Rd5 Nf4 29. Rxd8+ Rxd8 30. Qc2 Qd6 31. Qc3 Ne6 32. Qe3 Qa6 33. a4
Kg7 34. Qc3+ Kg8 35. Qe3 Kg7 36. Qc3+ Kg8 37. Qe3 Kg7 1/2-1/2

[Event "SR 2. liga A 2011/2012"]
[Site "?"]
[Date "2011.12.03"]
[Round "27.7"]
[White "Goga, Frantisek"]
[Black "Orolin, Peter"]
[Result "1/2-1/2"]
[WhiteElo "1989"]
[BlackElo "2074"]
[PlyCount "37"]
[EventDate "2011.??.??"]
[WhiteTeam "Slovakia"]
[BlackTeam "Slovakia"]
[WhiteTeamCountry "SVK"]
[BlackTeamCountry "SVK"]

1. e4 c5 2. Nc3 e6 3. g3 d5 4. exd5 exd5 5. d4 cxd4 6. Qxd4 Be6 7. Bg2 Nc6 8.
Qa4 Qd7 9. Nge2 Bc5 10. O-O Nge7 11. Bg5 f6 12. Bf4 O-O 13. Rad1 a6 14. Ne4 Ba7
15. Qa3 Bh3 16. Nc5 Bxc5 17. Qxc5 Bxg2 18. Kxg2 Rac8 19. c3 1/2-1/2

[Event "SR 2. liga A 2011/2012"]
[Site "?"]
[Date "2011.12.03"]
[Round "27.8"]
[White "Danada, Tomas"]
[Black "Farkas, Vladimir"]
[Result "1/2-1/2"]
[WhiteElo "1960"]
[BlackElo "1918"]
[PlyCount "85"]
[EventDate "2011.??.??"]
[WhiteTeam "Slovakia"]
[BlackTeam "Slovakia"]
[WhiteTeamCountry "SVK"]
[BlackTeamCountry "SVK"]

1. d4 Nf6 2. c4 g6 3. Nc3 Bg7 4. e4 d6 5. Be2 O-O 6. Nf3 e5 7. O-O Nc6 8. d5
Ne7 9. Ne1 Nd7 10. Be3 f5 11. f3 Nf6 12. c5 f4 13. Bf2 g5 14. Rc1 h5 15. cxd6
cxd6 16. Nb5 b6 17. Qb3 Ne8 18. Nd3 Rf6 19. Nb4 Kh8 20. Nc6 Nxc6 21. dxc6 Nc7
22. Nc3 Be6 23. Bc4 Rg6 24. Bxe6 Rxe6 25. Nb5 Re7 26. Rfd1 Nxb5 27. Qxb5 Qc7
28. Rd3 Bf8 29. Ra3 Rc8 30. Qd5 Rce8 31. Rd3 Rg7 32. Be1 Rg6 33. a4 g4 34. Rc2
Re7 35. a5 Reg7 36. Kh1 Be7 37. Qb5 Bd8 38. axb6 axb6 39. Qa6 gxf3 40. Rxf3 h4
41. Qa8 Kh7 42. Rh3 Rh6 43. Bf2 1/2-1/2

[Event "SR 2. liga A 2011/2012"]
[Site "?"]
[Date "2011.12.03"]
[Round "28.1"]
[White "Rohacek, Miroslav"]
[Black "Kleman, Miroslav"]
[Result "1-0"]
[WhiteElo "2297"]
[BlackElo "2230"]
[PlyCount "61"]
[EventDate "2011.??.??"]
[WhiteTeam "Slovakia"]
[BlackTeam "Slovakia"]
[WhiteTeamCountry "SVK"]
[BlackTeamCountry "SVK"]

1. e4 d5 2. exd5 Qxd5 3. Nc3 Qa5 4. d4 Nf6 5. Bd2 c6 6. Nf3 Bg4 7. h3 Bh5 8. g4
Bg6 9. Ne5 Qb6 10. Qf3 Qxd4 11. Nxg6 hxg6 12. O-O-O Nbd7 13. Be3 Qb4 14. g5 Nh5
15. Rxd7 Kxd7 16. Qxf7 Rd8 17. Be2 Kc8 18. Qxg6 Nf6 19. gxf6 exf6 20. Rd1 Bd6
21. Rd4 Qa5 22. Bg4+ Kb8 23. Rxd6 Rxd6 24. Bf4 Qb4 25. Qe4 Qc5 26. Qe7 Qxf2 27.
Qxd6+ Ka8 28. b3 g5 29. Bg3 Qf1+ 30. Kb2 f5 31. Qf6 1-0

[Event "SR 2. liga A 2011/2012"]
[Site "?"]
[Date "2011.12.03"]
[Round "28.2"]
[White "Tepper, Frantisek"]
[Black "Kovac, Andrej"]
[Result "1/2-1/2"]
[WhiteElo "2163"]
[BlackElo "2154"]
[PlyCount "67"]
[EventDate "2011.??.??"]
[WhiteTeam "Slovakia"]
[BlackTeam "Slovakia"]
[WhiteTeamCountry "SVK"]
[BlackTeamCountry "SVK"]

1. e4 e6 2. d4 d5 3. exd5 exd5 4. Bd3 Bd6 5. Nf3 Ne7 6. O-O Nbc6 7. c3 Bg4 8.
Bg5 f6 9. Bh4 Qd7 10. Nbd2 O-O-O 11. Bg3 Ng6 12. Bxd6 Qxd6 13. Qc2 Nf4 14. Bf5+
Bxf5 15. Qxf5+ Kb8 16. Rfe1 g5 17. g3 Nh5 18. Qe6 Qf8 19. Nf1 Ng7 20. Qe2 Nf5
21. Ne3 Nxe3 22. Qxe3 Qf7 23. Qd3 Ne7 24. Re2 h5 25. Rae1 Rde8 26. Re6 g4 27.
Nh4 Nc8 28. Qf5 c6 29. Ng6 Rhg8 30. Nf4 Rg5 31. Qb1 Rgg8 32. Qf5 Rg5 33. Qb1
Rgg8 34. Qf5 1/2-1/2

[Event "SR 2. liga A 2011/2012"]
[Site "?"]
[Date "2011.12.03"]
[Round "28.3"]
[White "Kralovic, Andrej"]
[Black "Certek, Pavel"]
[Result "0-1"]
[WhiteElo "2172"]
[BlackElo "2322"]
[PlyCount "172"]
[EventDate "2011.??.??"]
[WhiteTeam "Slovakia"]
[BlackTeam "Slovakia"]
[WhiteTeamCountry "SVK"]
[BlackTeamCountry "SVK"]

1. e4 c5 2. Nf3 g6 3. Nc3 Bg7 4. d4 cxd4 5. Nxd4 Nc6 6. Be3 Nf6 7. Bc4 Qa5 8.
O-O O-O 9. Bb3 d6 10. h3 Bd7 11. Qd2 Nxd4 12. Qxd4 Ng4 13. Qd5 Bxc3 14. hxg4
Qxd5 15. Bxd5 Bg7 16. Bxb7 Rab8 17. Bd5 a5 18. Rab1 Rfc8 19. c3 a4 20. Ba7 Rb5
21. b3 axb3 22. Bxb3 Rxc3 23. f3 Rc7 24. Be3 Rcb7 25. Rbc1 Be6 26. Rc2 Bxb3 27.
Rc8+ Bf8 28. axb3 Kg7 29. Kf2 f6 30. Rh1 g5 31. Ra1 Kf7 32. Raa8 Bg7 33. Ra7
Rxb3 34. Rxb7 Rxb7 35. Rc2 Bf8 36. Ke2 Kg6 37. Kf2 Rd7 38. Rd2 h5 39. gxh5+
Kxh5 40. Rd1 Rc7 41. g4+ Kg6 42. Rd5 Kf7 43. Ke2 Ke6 44. Rd1 Rc2+ 45. Rd2 Rc8
46. Rd1 Ra8 47. Rd5 Kd7 48. Rd2 e6 49. Bd4 Be7 50. Rb2 Bd8 51. Rd2 Ra6 52. Be3
Ra4 53. Rd4 Ra1 54. Rd1 Ra6 55. Rd2 Bb6 56. Rb2 Bc5 57. Rc2 Bxe3 58. Kxe3 Ra3+
59. Ke2 d5 60. exd5 exd5 61. Rb2 Kc6 62. Rb8 d4 63. Re8 Kd6 64. Kf2 Ra2+ 65.
Kg3 Ra6 66. Kf2 Kd5 67. Rd8+ Kc4 68. Rc8+ Kd3 69. Rd8 Re6 70. Ra8 Kc3 71. Ra3+
Kb4 72. Ra8 d3 73. Rb8+ Kc3 74. Rc8+ Kd2 75. Ra8 Kd1 76. Ra1+ Kc2 77. Ra2+ Kb3
78. Ra8 d2 79. Rd8 Kc2 80. Rc8+ Kd1 81. Rc7 Re2+ 82. Kf1 Re5 83. Kf2 f5 84. Ra7
Re2+ 85. Kg3 f4+ 86. Kh3 Re1 0-1

[Event "SR 2. liga A 2011/2012"]
[Site "?"]
[Date "2011.12.03"]
[Round "28.4"]
[White "Fabry, Robert"]
[Black "Kimerling, Martin"]
[Result "1-0"]
[WhiteElo "2177"]
[BlackElo "2015"]
[PlyCount "87"]
[EventDate "2011.??.??"]
[WhiteTeam "Slovakia"]
[BlackTeam "Slovakia"]
[WhiteTeamCountry "SVK"]
[BlackTeamCountry "SVK"]

1. e4 d6 2. d4 Nf6 3. Nc3 g6 4. f4 Bg7 5. Nf3 c5 6. e5 Nfd7 7. exd6 O-O 8. Be3
exd6 9. Qd2 Nc6 10. O-O-O Re8 11. Bb5 cxd4 12. Nxd4 Nb6 13. Rhe1 Bd7 14. Nf3 a6
15. Bf1 Be6 16. Qxd6 Qxd6 17. Rxd6 Bxc3 18. bxc3 Nc8 19. Rdd1 Bxa2 20. c4 Na5
21. Bc5 Rxe1 22. Rxe1 Na7 23. Nd2 b5 24. cxb5 axb5 25. Kb2 Bd5 26. Re5 Bc6 27.
Re7 Nb7 28. Bd4 Kf8 29. Rc7 Rc8 30. Rxb7 Bxb7 31. Bxa7 Rd8 32. Nf3 Bxf3 33.
gxf3 Rd2 34. h3 Rh2 35. Bxb5 Rxh3 36. c4 Rxf3 37. c5 Rxf4 38. c6 Rb4+ 39. Kc3
Rxb5 40. c7 Rf5 41. Bd4 f6 42. c8=Q+ Kg7 43. Qd7+ Kh6 44. Be3+ 1-0

[Event "SR 2. liga A 2011/2012"]
[Site "?"]
[Date "2011.12.03"]
[Round "28.5"]
[White "Mikova, Veronika"]
[Black "Mikulas, Dusan"]
[Result "1/2-1/2"]
[WhiteElo "2060"]
[BlackElo "2142"]
[PlyCount "35"]
[EventDate "2011.??.??"]
[WhiteTeam "Slovakia"]
[BlackTeam "Slovakia"]
[WhiteTeamCountry "SVK"]
[BlackTeamCountry "SVK"]

1. e4 e5 2. Nf3 Nc6 3. Bb5 g6 4. O-O Bg7 5. Nc3 Nge7 6. d3 O-O 7. Ne1 f5 8.
exf5 Nxf5 9. Nf3 Nfd4 10. Bc4+ Kh8 11. Ng5 Ne6 12. Nxe6 dxe6 13. Ne4 Nd4 14.
Bg5 Qe8 15. c3 Nf5 16. Qb3 b6 17. Rae1 Bd7 18. Qd1 1/2-1/2

[Event "SR 2. liga A 2011/2012"]
[Site "?"]
[Date "2011.12.03"]
[Round "28.6"]
[White "Kolman, Richard"]
[Black "Sebo, Viktor"]
[Result "1-0"]
[WhiteElo "2070"]
[BlackElo "1924"]
[PlyCount "199"]
[EventDate "2011.??.??"]
[WhiteTeam "Slovakia"]
[BlackTeam "Slovakia"]
[WhiteTeamCountry "SVK"]
[BlackTeamCountry "SVK"]

1. d4 Nf6 2. Nf3 g6 3. Bg5 Bg7 4. e3 d6 5. c4 O-O 6. Nc3 Nbd7 7. Be2 c5 8. O-O
a6 9. Qc2 Qc7 10. Rfd1 Nb6 11. d5 Bg4 12. b3 Nbd7 13. h3 Bxf3 14. Bxf3 Rab8 15.
Be2 Qa5 16. Rac1 b5 17. f4 b4 18. Na4 Nb6 19. Nb2 Rb7 20. Bf3 Ne8 21. Nd3 Nc8
22. e4 Qc7 23. Re1 Bc3 24. Re2 Bd4+ 25. Kh1 f6 26. Bh4 Ng7 27. Bg3 Ra7 28. Nf2
f5 29. Bh2 a5 30. g4 fxg4 31. hxg4 e5 32. f5 g5 33. Nh3 h6 34. Bg1 Bxg1 35.
Nxg1 Rf6 36. Rh2 Ne8 37. Qg2 Qh7 38. Nh3 Qg7 39. Nf2 Ne7 40. Bd1 Kf8 41. a4
bxa3 42. Ra1 Ng8 43. Rxa3 Qb7 44. Nd3 Qb6 45. Qd2 Rff7 46. Qc3 Ra8 47. Rha2
Rfa7 48. Qd2 Nef6 49. Bf3 Ra6 50. Nf2 Qb4 51. Nd3 Qxd2 52. Rxd2 Nd7 53. Nb2 Nb6
54. Na4 Nf6 55. Nc3 Ne8 56. Bd1 Nc7 57. Rh2 Kg7 58. Rha2 Nd7 59. Kg2 R8a7 60.
Kg3 Ra8 61. Rh2 Nf6 62. Rha2 R6a7 63. Be2 Rb7 64. Bd1 Rba7 65. Be2 Ra6 66. Bd1
Kf7 67. Rh2 Rh8 68. Rha2 Rha8 69. Rh2 Ng8 70. Rha2 Ke7 71. Be2 Kd7 72. Bd1 Kc8
73. Be2 Kb7 74. Bd1 Kb6 75. Na4+ Kb7 76. Nc3 Nf6 77. Rh2 Ng8 78. Rha2 Ne8 79.
Bf3 Ng7 80. Nb5 Nf6 81. Rh2 Rh8 82. Ra1 Nge8 83. Rah1 a4 84. bxa4 Rxa4 85. Rxh6
Rxh6 86. Rxh6 Rxc4 87. Rxf6 Nxf6 88. Nxd6+ Kc7 89. Nxc4 Nd7 90. Bd1 Kb7 91. Ba4
Nf6 92. Kf3 Kc7 93. Nxe5 Kd6 94. Nf7+ Kc7 95. d6+ Kb6 96. d7 Nxd7 97. Bxd7 c4
98. Ke3 Kc5 99. Ba4 Kb4 100. Bd1 1-0

[Event "SR 2. liga A 2011/2012"]
[Site "?"]
[Date "2011.12.03"]
[Round "28.7"]
[White "Sklars, Tomas"]
[Black "Hecht, Tomas"]
[Result "1-0"]
[WhiteElo "1898"]
[BlackElo "1982"]
[PlyCount "91"]
[EventDate "2011.??.??"]
[WhiteTeam "Slovakia"]
[BlackTeam "Slovakia"]
[WhiteTeamCountry "SVK"]
[BlackTeamCountry "SVK"]

1. e4 c5 2. Nf3 Nc6 3. d4 cxd4 4. Nxd4 g6 5. c4 Bg7 6. Be3 Nf6 7. Nc3 Ng4 8.
Qxg4 Nxd4 9. Qd1 e5 10. Bd3 O-O 11. O-O d6 12. Qd2 f5 13. f3 Nc6 14. Rad1 a6
15. Be2 Nd4 16. Bd3 Be6 17. b3 Qh4 18. Bg5 Qh5 19. Ne2 f4 20. Nxd4 exd4 21.
Bxf4 Be5 22. Bxe5 dxe5 23. Be2 Qh4 24. g3 Qf6 25. f4 Rad8 26. fxe5 Qxe5 27.
Rxf8+ Kxf8 28. Qf4+ Qxf4 29. gxf4 a5 30. a3 b6 31. b4 Ke7 32. Kf2 h5 33. Bd3
Rf8 34. Kg3 h4+ 35. Kf3 Bf7 36. Kg4 Rh8 37. Be2 axb4 38. axb4 g5 39. Kxg5 d3
40. Bxd3 Bh5 41. Rc1 Bf3 42. f5 Rd8 43. Rc3 h3 44. Kf4 Bg2 45. c5 bxc5 46. bxc5
1-0

[Event "SR 2. liga A 2011/2012"]
[Site "?"]
[Date "2011.12.03"]
[Round "29.1"]
[White "Rachela, Jozef"]
[Black "Petreje, Juraj"]
[Result "1/2-1/2"]
[WhiteElo "2087"]
[BlackElo "2175"]
[PlyCount "74"]
[EventDate "2011.??.??"]
[WhiteTeam "Slovakia"]
[BlackTeam "Slovakia"]
[WhiteTeamCountry "SVK"]
[BlackTeamCountry "SVK"]

1. e4 d6 2. g3 g6 3. Bg2 Bg7 4. Nc3 c5 5. Nge2 Nc6 6. O-O e6 7. d3 Nge7 8. Nf4
O-O 9. Be3 a6 10. Rb1 Rb8 11. Qd2 b5 12. Nce2 a5 13. c3 Bb7 14. d4 e5 15. Nh3
cxd4 16. cxd4 d5 17. dxe5 Nxe5 18. exd5 Nc4 19. Qc1 Nxe3 20. Qxe3 Nxd5 21. Qc5
Qb6 22. Rfc1 Qxc5 23. Rxc5 Nb4 24. Bxb7 Rxb7 25. Nc3 Rfb8 26. Rd1 Bf8 27. Re5
Nc6 28. Red5 Kg7 29. b3 Ne7 30. Rd7 $11 Nf5 31. Ng5 Be7 32. Nce4 h6 33. Nf3
Rxd7 34. Rxd7 Rd8 35. Rb7 Rd5 36. g4 Nh4 37. Nxh4 Bxh4 $11 1/2-1/2

[Event "SR 2. liga A 2011/2012"]
[Site "?"]
[Date "2011.12.03"]
[Round "29.2"]
[White "Bronis, Marian"]
[Black "Takacs, Laszlo"]
[Result "0-1"]
[WhiteElo "2160"]
[BlackElo "1976"]
[PlyCount "84"]
[EventDate "2011.??.??"]
[WhiteTeam "Slovakia"]
[BlackTeam "Slovakia"]
[WhiteTeamCountry "SVK"]
[BlackTeamCountry "SVK"]

1. d4 Nf6 2. c4 g6 3. Nc3 Bg7 4. e4 d6 5. Nge2 O-O 6. Ng3 e5 7. d5 Nbd7 8. Be2
a5 9. Bg5 h6 10. Bd2 Nc5 11. O-O Nfd7 12. b3 f5 13. exf5 gxf5 14. Nh5 Nf6 15.
Nxg7 Kxg7 16. f4 e4 17. Be3 Kh7 18. a3 Rg8 19. h3 Rg3 20. Kf2 Qg8 21. Rg1 Bd7
22. Bd4 Nd3+ 23. Bxd3 Rxd3 24. Qxd3 exd3 25. Bxf6 Qg6 26. Bd4 Rg8 27. g3 c5 28.
Be3 Qf6 29. Rac1 Re8 30. Rge1 h5 31. h4 b5 32. Nd1 bxc4 33. Rxc4 Rb8 34. Bd2
Rxb3 35. Bxa5 Rxa3 36. Bc7 Bb5 37. Re6 Qxe6 38. dxe6 Bxc4 39. Bxd6 Bxe6 40.
Bxc5 Ra2+ 41. Ke1 Re2+ 42. Kf1 Bc4 0-1